Klimatické zmeny a schéma obchodovania s emisnými povoleniami v rámci EÚ bakalárska práca

Gespeichert in:
Bibliographische Detailangaben
1. Verfasser: Hiko, Radoslav
Körperschaft: Fakulta medzinárodných vzťahov EU. Katedra medzinárodných ekonomických vzťahov a hospodárskej diplomacie
Weitere Verfasser: Mizera, Radoslav, 1982-
Format: Buch
Sprache:Slowakisch
Veröffentlicht: Bratislava 2009
Tags: Tag hinzufügen
Keine Tags, Fügen Sie das erste Tag hinzu!

MARC

LEADER 00000nam$a2200000$$$4500
001 0099763
005 20240318140847.7
041 0 |a slo 
044 |a SK 
245 1 0 |a Klimatické zmeny a schéma obchodovania s emisnými povoleniami v rámci EÚ  |b bakalárska práca  |c Radoslav Hiko ; škol. Radoslav Mizera 
264 1 |a Bratislava  |c 2009 
300 |a 49 s. 
100 1 |a Hiko, Radoslav 
700 1 |a Mizera, Radoslav, 1982- 
710 2 |a Fakulta medzinárodných vzťahov EU. Katedra medzinárodných ekonomických vzťahov a hospodárskej diplomacie